La desnacionalización del dinero / (Registro nro. 8263)
[ vista simple ]
| 000 -LEADER | |
|---|---|
| fixed length control field | 02137nam a2200277Ia 4500 |
| 003 - CONTROL NUMBER IDENTIFIER | |
| control field | OSt |
| 005 - DATE AND TIME OF LATEST TRANSACTION | |
| control field | 20210803160228.0 |
| 008 - FIXED-LENGTH DATA ELEMENTS--GENERAL INFORMATION | |
| fixed length control field | 210310s1988 sp fr 000 0 spa d |
| 020 ## - INTERNATIONAL STANDARD BOOK NUMBER | |
| International Standard Book Number | 8476340338 |
| 040 ## - CATALOGING SOURCE | |
| Original cataloging agency | CO-JMCR |
| Transcribing agency | CO-JMCR |
| 041 1# - LANGUAGE CODE | |
| Language code of text/sound track or separate title | spa |
| Language code of original | eng |
| 082 04 - DEWEY DECIMAL CLASSIFICATION NUMBER | |
| Classification number | 332.401 / |
| Item number | H417d |
| Edition number | 23 |
| 100 1# - MAIN ENTRY--PERSONAL NAME | |
| Personal name | Hayek, Friedrich A. |
| 9 (RLIN) | 1762 |
| Relator term | autor |
| 245 13 - TITLE STATEMENT | |
| Title | La desnacionalización del dinero / |
| Statement of responsibility, etc. | Friedrich A. Hayek ; traducción Carmen Liaño |
| 260 ## - PUBLICATION, DISTRIBUTION, ETC. | |
| Place of publication, distribution, etc. | Barcelona : |
| Name of publisher, distributor, etc. | Ediciones Orbis, S.A., |
| Date of publication, distribution, etc. | 1988 |
| 300 ## - PHYSICAL DESCRIPTION | |
| Extent | 156 páginas ; |
| Dimensions | 21 cm. |
| 490 0# - SERIES STATEMENT | |
| Series statement | Biblioteca de economía |
| 500 ## - GENERAL NOTE | |
| General note | Título original: Denationalisation of money an analysis of the theory and practice of concurrent currencies<br/>Incluye notas a pie de página. |
| 504 ## - BIBLIOGRAPHY, ETC. NOTE | |
| Bibliography, etc. note | Bibliografía: páginas [145]-156 |
| 505 0# - FORMATTED CONTENTS NOTE | |
| Formatted contents note | La propuesta práctica -- La generalización del principio subyacente -- El origen de la prerrogativa del gobierno de crear dinero -- El constante abuso de la prerrogativa estatal -- La mística de la moneda de curso legal -- La confusión sobre la ley de Gresham -- La limitada experiencia sobre monedas paralelas y de comercio -- Puesta en circulación de dinero fiduciario privado -- Competencia entre bancos emisores de diferentes monedas -- Una digresión sobre la definición del dinero -- La posibilidad de contralar el valor de una moneda competitiva -- ¿Qué tipo de moneda elegiría el público? -- ¿Cuál es el valor del dinero? -- Inutilidad de la teoría cuantitativa para nuestro propósito -- El comportamiento deseado de la oferta monetaria -- El sistema americano de Free Banking o libertad bancaria -- ¿No más inflación o deflación generales? -- Una política monetaria no es posible ni deseable -- Una disciplina mejor que los tipos de cambio fijos -- ¿deberán existir diferentes areas? -- Los efectos sobre la financiación y el gasto público -- Problemas de transición -- Protección contra el estado -- Perspectivas a largo plazo |
| 546 ## - LANGUAGE NOTE | |
| Language note | Traducido del inglés |
| 650 14 - SUBJECT ADDED ENTRY--TOPICAL TERM | |
| Topical term or geographic name entry element | Moneda |
| 9 (RLIN) | 16786 |
| 650 24 - SUBJECT ADDED ENTRY--TOPICAL TERM | |
| Topical term or geographic name entry element | Cuestión monetaria |
| 9 (RLIN) | 39028 |
| 700 1# - ADDED ENTRY--PERSONAL NAME | |
| Personal name | Liaño, Carmen, |
| Relator term | traductora |
| 9 (RLIN) | 39029 |
| 942 ## - ADDED ENTRY ELEMENTS (KOHA) | |
| Source of classification or shelving scheme | Dewey Decimal Classification |
| Koha item type | Books |
| Withdrawn status | Lost status | Source of classification or shelving scheme | Damaged status | Not for loan | Collection code | Home library | Current library | Date acquired | Source of acquisition | Full call number | Barcode | Date last seen | Copy number | Koha item type |
|---|---|---|---|---|---|---|---|---|---|---|---|---|---|---|
| Dewey Decimal Classification | Non-fiction | Biblioteca Pública José María del Castillo y Rada | Biblioteca Pública José María del Castillo y Rada | 04/15/2018 | Donación | 332.401 / H417d | 430002813 | 05/16/2024 | Ej.1 | Books |